000 01318cam a22002777a 4500
001 487
005 20230428131436.0
008 110504s2010 nyua j 000 1 eng
020 _a9780545227735
040 _aDLC
_cDLC
_beng
_dFISKH
050 0 0 _aMLCS 2012/42177 (P)
082 _aS858
100 _aDami, Elisabetta
_d1958-
245 1 0 _aThea Stilton and the mystery in Paris /
_c[text by Thea Stilton ; illustrations by Maria Abagnale ... et al. ; translated by Julia Heim].
260 _aNew York :
_bScholastic,
_c2010.
300 _a157 pages :
_billustrations ;
_c20 cm.
500 _aAt head of title: Geronimo Stilton.
505 _aM
520 _aGeronimo's adventurous sister Thea narrates this fabulous adventure that's packed with action, mystery, and friendship!In this exciting adventure, the Thea Sisters are off to Paris to visit Colette's fashion-designer friend Julie. But when Julie's designs are suddenly stolen, the girls must search the city of Paris to catch the thief and save the fashion show. Readers will love following the clues to help the Thea Sisters solve the mystery!
521 _a650
_bLexile
521 _aM
_bRaz-Plus
700 1 _aAbagnale, Maria,
_d1984-
_eill.
700 1 _aHeim, Julia.
906 _a7
_bcbc
_corignew
_d4
_encip
_f20
_gy-gencatlg
942 _2ddc
_cBK
_n0
999 _c487
_d487